000 00455nam a2200169Ia 4500
008 220216s9999 xx 000 0 und d
100 _aSingha Nikhil K
245 2 _aA new method to hydrogenate nitrile rubber in the latex form
260 _bRubber Chemistry and Technology
_c1995
300 _a281-286
650 _aHydrogenation
650 _aLatex form
650 _aNitrile rubber
700 _aSivaram S
700 _aTalwar S S
942 _cJS
999 _c53439
_d53439